[Event "Mardi 2023.09.26"]
[Site "Laval CAN"]
[Date "2023.10.10"]
[Round "3.2"]
[White "Guillemette, Hugo"]
[Black "Lafleche, Alain"]
[Result "1-0"]
[WhiteElo "2023"]
[BlackElo "1633"]
[PlyCount "67"]
[EventDate "2023.09.26"]
[EventType "swiss"]
[EventRounds "5"]
[EventCountry "CAN"]

1. e4 c6 2. d4 d5 3. e5 Bf5 4. h4 h5 5. Bd3 Bxd3 6. Qxd3 e6 7. Bg5 Qb6 8. Nd2
Na6 9. c3 Ne7 10. Ne2 O-O-O 11. b4 Qb5 12. Qc2 Rd7 13. a4 Qb6 14. O-O Nf5 15.
Rfb1 Qc7 16. b5 Nb8 17. Qb2 c5 18. a5 b6 19. axb6 axb6 20. dxc5 Bxc5 21. Nd4
Be7 22. Nc6 Nxc6 23. bxc6 Qxc6 24. Bxe7 Nxe7 25. Ra6 Rb7 26. c4 d4 27. Qa3 Kd7
28. Ne4 Nf5 29. f3 Rhb8 30. c5 Qc7 31. cxb6 Rxb6 32. Raxb6 Rxb6 33. Qa7 Rb7 34.
Rxb7 1-0

[Event "Mardi 2023.09.26"]
[Site "Laval CAN"]
[Date "2023.10.10"]
[Round "3.3"]
[White "Chouchane, Amine"]
[Black "Berube, Maximilien"]
[Result "0-1"]
[WhiteElo "1957"]
[BlackElo "1915"]
[PlyCount "126"]
[EventDate "2023.09.26"]
[EventType "swiss"]
[EventRounds "5"]
[EventCountry "CAN"]

1. e4 c6 2. d4 d5 3. e5 Bf5 4. h4 h5 5. Bg5 Qb6 6. Bd3 Qxd4 7. Nf3 Qg4 8. O-O
Bxd3 9. Qxd3 e6 10. Nbd2 Nd7 11. c4 Be7 12. cxd5 cxd5 13. Rac1 Qb4 14. Rc3 Bxg5
15. hxg5 Ne7 16. Rb3 Qa4 17. Rxb7 O-O 18. Qa3 Qc6 19. Rb3 Ng6 20. Nd4 Qc7 21.
f4 Qc5 22. Qxc5 Nxc5 23. Rh3 Rab8 24. b3 Rb4 25. Nc6 Rb6 26. Nd4 Rb4 27. Nc6
Rb6 28. Nd4 h4 29. Rc1 Ne4 30. Nxe4 dxe4 31. Ne2 Rd8 32. Rhc3 Ra6 33. Rc8 Rxc8
34. Rxc8+ Kh7 35. Rc2 Ne7 36. g3 hxg3 37. Nxg3 Nd5 38. Nxe4 Nxf4 39. Kf2 Nd3+
40. Ke3 Nxe5 41. Kf4 Nd3+ 42. Kg4 Kg6 43. Rd2 Nb4 44. a4 Nd5 45. Nc5 Rb6 46.
Rd4 Rb4 47. Rxb4 Nxb4 48. a5 e5 49. Nd7 f5+ 50. Kh4 Nc6 51. b4 e4 52. a6 Nxb4
53. Ne5+ Kh7 54. Kg3 Nxa6 55. g6+ Kh6 56. Kf4 Nc5 57. Kxf5 a5 58. Ng4+ Kh5 59.
Nf6+ Kh4 60. Ne8 e3 61. Nxg7 e2 62. Kf6 e1=Q 63. Nf5+ Kg4 0-1

[Event "Mardi 2023.09.26"]
[Site "Laval CAN"]
[Date "2023.10.10"]
[Round "3.4"]
[White "Mangahas, Ronald"]
[Black "Deboosere, Adam"]
[Result "1-0"]
[WhiteElo "1873"]
[BlackElo "2016"]
[PlyCount "110"]
[EventDate "2023.09.26"]
[EventType "swiss"]
[EventRounds "5"]
[EventCountry "CAN"]

1. e4 c5 2. Nf3 a6 3. d4 cxd4 4. Nxd4 Nf6 5. Nc3 e5 6. Nb3 Bb4 7. Bd3 d5 8. O-O
Bxc3 9. bxc3 dxe4 10. Bc4 Qxd1 11. Rxd1 Bg4 12. Rd6 Nbd7 13. Na5 b5 14. Bb3 O-O
15. h3 Bh5 16. g4 Nc5 17. gxh5 Nxh5 18. Be3 Nxb3 19. axb3 Nf4 20. Nc6 Rfe8 21.
Bxf4 exf4 22. Nd4 e3 23. Raxa6 Rac8 24. Rdc6 Red8 25. Kf1 b4 26. Rd6 bxc3 27.
fxe3 fxe3 28. Rxd8+ Rxd8 29. Ke2 f5 30. Kxe3 f4+ 31. Kd3 Re8 32. Re6 Rc8 33.
Rc6 Rd8 34. Kxc3 g5 35. b4 Kf7 36. b5 h5 37. Kd3 f3 38. c3 g4 39. hxg4 hxg4 40.
Ke3 Re8+ 41. Kf2 Rg8 42. b6 g3+ 43. Kxf3 g2 44. Ne2 g1=Q 45. Nxg1 Rxg1 46. Ke4
Ke7 47. Kd5 Rg5+ 48. Kc4 Rg1 49. Rc5 Kd7 50. Kb5 Rb1+ 51. Ka6 Ra1+ 52. Kb7 Kd6
53. Rc8 Kd7 54. c4 Rb1 55. c5 Rxb6+ 1-0

[Event "Mardi 2023.09.26"]
[Site "Laval CAN"]
[Date "2023.10.10"]
[Round "3.5"]
[White "Li, Yi Lin"]
[Black "Guillemette, Thomas"]
[Result "0-1"]
[WhiteElo "2001"]
[BlackElo "1807"]
[PlyCount "100"]
[EventDate "2023.09.26"]
[EventType "swiss"]
[EventRounds "5"]
[EventCountry "CAN"]

1. e4 c5 2. Nf3 d6 3. d4 cxd4 4. Nxd4 Nf6 5. Nc3 g6 6. Be3 Bg7 7. f3 a6 8. Qd2
h5 9. Bc4 Nbd7 10. a4 Qa5 11. O-O O-O 12. Kh1 Ne5 13. Bb3 Qc7 14. Bh6 Nc4 15.
Qc1 Bd7 16. Bxg7 Kxg7 17. Re1 Rac8 18. Nd5 Nxd5 19. exd5 Rce8 20. Re4 Ne5 21.
h3 Bc8 22. Qg5 e6 23. f4 exd5 24. Bxd5 Nc6 25. f5 Nxd4 26. f6+ Kh7 27. Rxd4 Re5
28. Qd2 Rfe8 29. Bc4 Bf5 30. b3 b5 31. axb5 axb5 32. Bd5 Re2 33. Qg5 Qc3 34.
Rh4 Qxa1+ 35. Kh2 Qe5+ 36. Kg1 Re1+ 37. Kf2 Qe3+ 38. Qxe3 R8xe3 39. Bxf7 Re4
40. g4 R4e2+ 41. Kf3 Be4+ 42. Kf4 Rf1+ 43. Kg5 Rxc2 44. Rxh5+ gxh5 45. Kxh5
Rc5+ 46. g5 Rg1 47. b4 Rcxg5+ 48. Kh4 Rf5 49. Bg8+ Kh6 50. Bf7 Rf4# 0-1

[Event "Mardi 2023.09.26"]
[Site "Laval CAN"]
[Date "2023.10.10"]
[Round "3.6"]
[White "Peloquin, Charli"]
[Black "Avarian, Aram Sevag"]
[Result "1-0"]
[WhiteElo "1870"]
[BlackElo "1978"]
[PlyCount "81"]
[EventDate "2023.09.26"]
[EventType "swiss"]
[EventRounds "5"]
[EventCountry "CAN"]

1. e4 c5 2. Nc3 Nc6 3. Bb5 Nd4 4. Bc4 d6 5. Nge2 g6 6. O-O Bg7 7. Nxd4 cxd4 8.
Qf3 e6 9. Ne2 Ne7 10. c3 Nc6 11. Bb5 O-O 12. Bxc6 bxc6 13. Nxd4 c5 14. Nc2 Rb8
15. d4 cxd4 16. cxd4 Qb6 17. Rd1 Bb7 18. d5 Rfc8 19. Ne3 a5 20. Qh3 exd5 21.
exd5 Ba6 22. g4 Qb4 23. g5 Qe4 24. f3 Qe7 25. Ng4 Qe2 26. Be3 Qxb2 27. Nf6+
Bxf6 28. gxf6 Qxf6 29. Bd4 Qg5+ 30. Kh1 Rc2 31. Rab1 Rbc8 32. Rg1 Qxd5 33. Bf6
Qe6 34. Rxg6+ Kf8 35. Bg7+ Ke7 36. Rxe6+ fxe6 37. Qh6 R8c7 38. Qf6+ Kd7 39.
Qf7+ Kc6 40. Qxe6 Bb7 41. Bh6 1-0

[Event "Mardi 2023.09.26"]
[Site "Laval CAN"]
[Date "2023.10.10"]
[Round "3.7"]
[White "Nunez, Omar"]
[Black "Sekki, Abderaouf"]
[Result "0-1"]
[WhiteElo "1860"]
[BlackElo "1875"]
[PlyCount "86"]
[EventDate "2023.09.26"]
[EventType "swiss"]
[EventRounds "5"]
[EventCountry "CAN"]

1. g3 d5 2. Bg2 Nf6 3. f4 g6 4. Nf3 Bg7 5. d3 c5 6. O-O O-O 7. Nc3 d4 8. Ne4
Nbd7 9. Qe1 Rb8 10. h3 b5 11. g4 Re8 12. Qh4 Nxe4 13. dxe4 e5 14. Qg3 Bb7 15.
fxe5 h6 16. a4 b4 17. e6 Rxe6 18. Bf4 Rc8 19. e5 Ba8 20. h4 Bxf3 21. Qxf3 Qe7
22. g5 Nxe5 23. Qg3 hxg5 24. Bxg5 f6 25. Bf4 f5 26. Bd5 Ng4 27. Qb3 Re8 28. Bg5
Qd6 29. Bf4 Be5 30. Bxe6+ Rxe6 31. Qg3 Bxf4 32. Qxf4 Qxf4 33. Rxf4 Rxe2 34. Rc1
a5 35. h5 Kg7 36. hxg6 Kxg6 37. b3 Kg5 38. Rcf1 Ne3 39. R1f2 Re1+ 40. Kh2 Ng4+
41. Kg3 Nxf2 42. Rxf2 Re3+ 43. Kg2 Kg4 0-1

[Event "Mardi 2023.09.26"]
[Site "Laval CAN"]
[Date "2023.10.10"]
[Round "3.8"]
[White "Lesage, Philippe"]
[Black "Madanchi, Ata"]
[Result "0-1"]
[WhiteElo "1878"]
[BlackElo "1842"]
[PlyCount "104"]
[EventDate "2023.09.26"]
[EventType "swiss"]
[EventRounds "5"]
[EventCountry "CAN"]

1. c4 e6 2. Nf3 d5 3. g3 Nf6 4. Bg2 dxc4 5. Qa4+ Bd7 6. Qxc4 c5 7. Ne5 Qc8 8.
Nxd7 Nbxd7 9. Qb5 Rb8 10. Nc3 a6 11. Qa4 b5 12. Qc2 Be7 13. O-O O-O 14. d3 Qc7
15. Bf4 e5 16. Bg5 h6 17. Bxf6 Nxf6 18. Nd5 Qd6 19. Nxe7+ Qxe7 20. Rac1 Rfc8
21. b3 Rc7 22. Qd2 Rbc8 23. Qa5 Qe6 24. Rc2 e4 25. dxe4 Nxe4 26. Rfc1 Nf6 27.
Rd1 c4 28. bxc4 Rxc4 29. Rxc4 Rxc4 30. Qd8+ Kh7 31. Qd3+ g6 32. Bd5 Nxd5 33.
Qxd5 Rc1 34. Qd2 Rxd1+ 35. Qxd1 Qxa2 36. Qd6 Qxe2 37. Qxa6 Qe1+ 38. Kg2 Qe4+
39. Kg1 b4 40. Qa2 Qe1+ 41. Kg2 Kg7 42. h4 Qc3 43. h5 g5 44. Kh3 b3 45. Qa3 Qc2
46. f4 b2 47. fxg5 b1=Q 48. gxh6+ Kh7 49. Qf8 Qf5+ 50. g4 Qf3+ 51. Kh4 Qf6+ 52.
g5 Qf4+ 0-1

[Event "Mardi 2023.09.26"]
[Site "Laval CAN"]
[Date "2023.10.10"]
[Round "3.9"]
[White "Deschamps, Martin"]
[Black "Giroux, Robert"]
[Result "0-1"]
[WhiteElo "1780"]
[BlackElo "1790"]
[PlyCount "98"]
[EventDate "2023.09.26"]
[EventType "swiss"]
[EventRounds "5"]
[EventCountry "CAN"]

1. b3 Nf6 2. Bb2 g6 3. Bxf6 exf6 4. c4 c6 5. Nc3 d6 6. Nf3 Bg7 7. Rc1 O-O 8. e3
Re8 9. Be2 Nd7 10. d4 f5 11. O-O Nf6 12. Qc2 d5 13. Rfd1 Be6 14. Ne5 Ne4 15.
cxd5 Nxc3 16. dxe6 Nxe2+ 17. Qxe2 Rxe6 18. f4 Qd5 19. Kf2 Bf8 20. g4 fxg4 21.
Qxg4 Qe4 22. Rg1 a5 23. Rg3 a4 24. b4 Bxb4 25. Qh3 Rxe5 26. fxe5 Qd3 27. Rcg1
Qc2+ 28. Kf3 Qxa2 29. R3g2 Qd5+ 30. Kf4 Re8 31. Rg5 Bf8 32. Qf5 Bg7 33. Qh3 f6
34. exf6 Re4+ 35. Kf3 Rh4+ 36. Rxd5 Rxh3+ 37. Kg4 cxd5 38. Kxh3 Bxf6 39. Ra1 b5
40. Kg4 Be7 41. Rc1 a3 42. Rc7 Kf7 43. Ra7 Ke6 44. Ra6+ Kd7 45. Ra7+ Ke6 46.
Ra6+ Kf7 47. Kf4 b4 48. Ke5 b3 49. Kxd5 b2 0-1

[Event "Mardi 2023.09.26"]
[Site "Laval CAN"]
[Date "2023.10.10"]
[Round "3.10"]
[White "Beaupre, Eugene jr"]
[Black "Arseneau, Mathias"]
[Result "1-0"]
[WhiteElo "1896"]
[BlackElo "1715"]
[PlyCount "49"]
[EventDate "2023.09.26"]
[EventType "swiss"]
[EventRounds "5"]
[EventCountry "CAN"]

1. e4 c5 2. Nc3 g6 3. f4 Bg7 4. Nf3 Nc6 5. Bb5 Nd4 6. O-O Nxb5 7. Nxb5 Qb6 8.
Nc3 e6 9. f5 Ne7 10. Ng5 Bd4+ 11. Kh1 f6 12. Nf3 exf5 13. exf5 Bxc3 14. dxc3 d5
15. Nh4 Nxf5 16. Nxf5 Bxf5 17. Rxf5 gxf5 18. Qh5+ Kd8 19. Qxf5 Qc6 20. Bf4 a5
21. Rd1 Ke7 22. Re1+ Kd8 23. Re6 Re8 24. Qxf6+ Kd7 25. Rd6+ 1-0

[Event "Mardi 2023.09.26"]
[Site "Laval CAN"]
[Date "2023.10.10"]
[Round "3.11"]
[White "Sasportas, Moshe"]
[Black "Jutras, Marc-Andre"]
[Result "0-1"]
[WhiteElo "1625"]
[BlackElo "1618"]
[PlyCount "104"]
[EventDate "2023.09.26"]
[EventType "swiss"]
[EventRounds "5"]
[EventCountry "CAN"]

1. e4 c6 2. d4 d5 3. e5 c5 4. dxc5 Nc6 5. Bb5 e6 6. Be3 Nge7 7. c3 Nf5 8. Bd4
Be7 9. Nd2 Qc7 10. Ndf3 O-O 11. Ne2 Bd7 12. Bxc6 Qxc6 13. b4 b6 14. cxb6 axb6
15. a4 Rfb8 16. b5 Qc4 17. O-O Ra5 18. Nd2 Qc7 19. Nb3 Raa8 20. Qd3 Bc5 21.
Rfc1 Rd8 22. g4 Nh4 23. f4 Bc8 24. Nxc5 bxc5 25. Bf2 Ng6 26. h4 Bb7 27. h5 Nf8
28. Qe3 Nd7 29. Bg3 Nb6 30. f5 Rxa4 31. Rxa4 Nxa4 32. f6 h6 33. fxg7 Kxg7 34.
Bh4 Rg8 35. Qf4 c4 36. Nd4 Kh7 37. Kh2 Nc5 38. Rf1 Rg7 39. g5 hxg5 40. Bxg5 Nd3
41. Bf6 Nxf4 42. Rxf4 Rg8 43. Nf3 Qd7 44. Nd4 Kh6 45. Bh4 f5 46. exf6 Qf7 47.
Nf3 Qxh5 48. f7 Rf8 49. Rf6+ Kg7 50. Kg3 Rxf7 51. Rxf7+ Qxf7 52. Ng5 Qf5 0-1

[Event "Mardi 2023.09.26"]
[Site "Laval CAN"]
[Date "2023.10.17"]
[Round "4.1"]
[White "Adam, Rafael"]
[Black "Guillemette, Hugo"]
[Result "1-0"]
[WhiteElo "2178"]
[BlackElo "2023"]
[PlyCount "81"]
[EventDate "2023.09.26"]
[EventType "swiss"]
[EventRounds "5"]
[EventCountry "CAN"]

1. e4 c5 2. Nf3 e6 3. g3 Nc6 4. Bg2 Nf6 5. d3 d5 6. Qe2 Be7 7. O-O O-O 8. e5
Nd7 9. c4 Nb6 10. Rd1 Qc7 11. Bf4 Rd8 12. Nc3 a6 13. Rac1 Qd7 14. h4 Qe8 15. b3
Bd7 16. Bg5 Rac8 17. Bxe7 Nxe7 18. h5 h6 19. Nh4 Bc6 20. f4 Nd7 21. cxd5 exd5
22. d4 cxd4 23. Rxd4 Nf8 24. f5 Bb5 25. Qg4 Nc6 26. f6 Ne6 27. Rxd5 Ng5 28. Nf3
gxf6 29. Ne4 Qe6 30. Nxf6+ Kh8 31. Nxg5 Qxg4 32. Nxf7+ Kg7 33. Nxg4 Kxf7 34.
Nxh6+ Kg7 35. Nf5+ Kh8 36. Nd6 Rc7 37. Rxc6 Bxc6 38. Nf7+ Rxf7 39. Rxd8+ Kg7
40. Bxc6 bxc6 41. Rd6 1-0

[Event "Mardi 2023.09.26"]
[Site "Laval CAN"]
[Date "2023.10.17"]
[Round "4.2"]
[White "Berube, Maximilien"]
[Black "Mangahas, Ronald"]
[Result "1-0"]
[WhiteElo "1915"]
[BlackElo "1873"]
[PlyCount "48"]
[EventDate "2023.09.26"]
[EventType "swiss"]
[EventRounds "5"]
[EventCountry "CAN"]

1. d4 Nf6 2. c4 g6 3. g3 Bg7 4. Bg2 O-O 5. Nc3 d6 6. Nf3 c6 7. O-O Nbd7 8. d5
Qc7 9. Nd4 c5 10. Nf3 Ng4 11. Qc2 Nde5 12. Nxe5 Nxe5 13. b3 a6 14. Bb2 Ng4 15.
Nd1 Nf6 16. e4 Bd7 17. Ne3 Qc8 18. f4 Ng4 19. Nxg4 Bxg4 20. Bxg7 Kxg7 21. f5
gxf5 22. exf5 f6 23. Qe4 Bh5 24. Qxe7+ Rf7 1-0

[Event "Mardi 2023.09.26"]
[Site "Laval CAN"]
[Date "2023.10.17"]
[Round "4.3"]
[White "Sekki, Abderaouf"]
[Black "Guillemette, Thomas"]
[Result "0-1"]
[WhiteElo "1875"]
[BlackElo "1807"]
[PlyCount "150"]
[EventDate "2023.09.26"]
[EventType "swiss"]
[EventRounds "5"]
[EventCountry "CAN"]

1. d4 Nf6 2. c4 g6 3. Nc3 Bg7 4. e4 d6 5. Be2 O-O 6. Be3 e5 7. d5 Na6 8. g4 Nc5
9. f3 h5 10. Nh3 hxg4 11. Nf2 gxf3 12. Bxf3 c6 13. h4 cxd5 14. cxd5 Nh7 15. h5
g5 16. h6 Bf6 17. Qd2 Be7 18. O-O-O a5 19. Rdg1 a4 20. Ng4 b6 21. Rh5 f6 22.
Nf2 Bd7 23. Rh2 Rc8 24. Kb1 b5 25. Qe2 a3 26. b4 Na6 27. Nfd1 Nxb4 28. Bg4 Na6
29. Be6+ Bxe6 30. dxe6 b4 31. Qh5 Qe8 32. Nd5 Nc7 33. Nxe7+ Qxe7 34. Bxg5 fxg5
35. Ne3 Nxe6 36. Qg6+ Kh8 37. Nf5 Qe8 38. Qxe8 Rcxe8 39. Nxd6 Rd8 40. Nc4 Rf6
41. Nxe5 Rdf8 42. Nc6 Rf1+ 43. Rxf1 Rxf1+ 44. Kc2 g4 45. Rg2 Rf4 46. Kd3 Rf3+
47. Kc4 g3 48. Ne5 Re3 49. Ng6+ Kg8 50. Kxb4 Kf7 51. Ne5+ Ke7 52. Nc4 Rf3 53.
Ne5 Re3 54. Nc4 Rd3 55. Nxa3 Nf4 56. Rg1 g2 57. Nc2 Rh3 58. Ne1 Rh1 59. Nf3 Ng5
60. Rxg2 Nxg2 61. Nxg5 Rxh6 62. Nf3 Rf6 63. Nd2 Rf2 64. Kc3 Ke6 65. a4 Ke5 66.
a5 Ne1 67. a6 Rf6 68. Kc4 Rxa6 69. Kc5 Ra7 70. Kc6 Ra2 71. Nc4+ Kxe4 72. Nd6+
Ke5 73. Nc4+ Kd4 74. Nb6 Nd3 75. Nd7 Ne5+ 0-1

[Event "Mardi 2023.09.26"]
[Site "Laval CAN"]
[Date "2023.10.17"]
[Round "4.4"]
[White "Lafleche, Alain"]
[Black "Peloquin, Charli"]
[Result "0-1"]
[WhiteElo "1633"]
[BlackElo "1870"]
[PlyCount "64"]
[EventDate "2023.09.26"]
[EventType "swiss"]
[EventRounds "5"]
[EventCountry "CAN"]

1. e4 Nf6 2. e5 Nd5 3. d4 d6 4. c4 Nb6 5. exd6 cxd6 6. Nc3 g6 7. Be3 Bg7 8. f3
O-O 9. Qd2 Nc6 10. g4 e5 11. d5 Nd4 12. h4 f5 13. Bg5 Qc7 14. b3 fxg4 15. h5
Rxf3 16. hxg6 hxg6 17. Qh2 Rxc3 18. Qh7+ Kf8 19. Qxg6 Bf5 20. Rh8+ Bxh8 21.
Bh6+ Bg7 22. Qf6+ Kg8 23. Qg5 Rh3 24. Bxh3 gxh3 25. O-O-O h2 26. Nh3 Bxh3 27.
Rh1 Qf7 28. Rxh2 Qf4+ 29. Qxf4 exf4 30. Bxf4 Rf8 31. Bxd6 Rf1+ 32. Kd2 Nf3+ 0-1

[Event "Mardi 2023.09.26"]
[Site "Laval CAN"]
[Date "2023.10.17"]
[Round "4.5"]
[White "Madanchi, Ata"]
[Black "Gerard, Patrice"]
[Result "1-0"]
[WhiteElo "1842"]
[BlackElo "1665"]
[PlyCount "65"]
[EventDate "2023.09.26"]
[EventType "swiss"]
[EventRounds "5"]
[EventCountry "CAN"]

1. e4 c5 2. Nc3 e6 3. g3 b6 4. Bg2 Bb7 5. Nge2 f5 6. O-O g5 7. d4 h5 8. exf5
Bxg2 9. Kxg2 exf5 10. dxc5 Bxc5 11. Qd5 Nc6 12. Qxf5 Nge7 13. Qxg5 h4 14. Nf4
Qc7 15. Nfd5 Qd6 16. Bf4 Qg6 17. Nc7+ Kd8 18. Nxa8 Qf7 19. Ne4 Nd4 20. Qxc5
Qxf4 21. Qxe7+ Kxe7 22. gxf4 Rxa8 23. Ng5 Kf6 24. Rad1 Nxc2 25. Rxd7 Kf5 26.
Rf7+ Kg6 27. Rd1 Re8 28. Rd6+ Kh5 29. Kh3 Rh8 30. Rf5 Nd4 31. Rxd4 Kg6 32. Rf7
Rh5 33. Rd6# 1-0

[Event "Mardi 2023.09.26"]
[Site "Laval CAN"]
[Date "2023.10.17"]
[Round "4.6"]
[White "Giroux, Robert"]
[Black "Mok, Yuen Tak"]
[Result "1/2-1/2"]
[WhiteElo "1790"]
[BlackElo "2033"]
[PlyCount "125"]
[EventDate "2023.09.26"]
[EventType "swiss"]
[EventRounds "5"]
[EventCountry "CAN"]

1. Nf3 Nf6 2. b3 d5 3. Bb2 Bf5 4. g3 e6 5. Bg2 h6 6. O-O Be7 7. d3 O-O 8. Nbd2
Nbd7 9. Ne5 Bh7 10. c4 Nxe5 11. Bxe5 a5 12. Qc2 Nd7 13. Bb2 c6 14. a3 Nf6 15.
Nf3 c5 16. cxd5 exd5 17. Rac1 Rc8 18. Bh3 Rc6 19. Ne5 Rb6 20. Qc3 Re8 21. Nd7
d4 22. Nxf6+ Rxf6 23. Qc2 Rb6 24. a4 Qd5 25. Ba3 Rxb3 26. Qa2 Rd8 27. Bg2 Qe6
28. Bxc5 Bxc5 29. Rxc5 Qb6 30. Rc2 Bf5 31. Rfc1 Rd7 32. Rc8+ Kh7 33. Qc2 Be6
34. Qc5 Qxc5 35. R8xc5 b6 36. Be4+ g6 37. Rc6 Rb2 38. R1c2 Rb4 39. Kg2 Ra7 40.
h4 Kg7 41. f4 h5 42. Kf2 Ra6 43. Rc7 Rxa4 44. Rb7 Rb4 45. Rc6 Kf6 46. Bd5 Rb2
47. Bc4 Ra8 48. Rcxb6 Rxb6 49. Rxb6 a4 50. Bxe6 fxe6 51. Rb2 a3 52. Ra2 Kf5 53.
Kf3 Ra4 54. Kf2 Kg4 55. Kg2 Ra6 56. Kf2 Ra5 57. Kg2 Ra8 58. Kf2 Ra7 59. Kg2 Ra6
60. Kf2 Kh3 61. Kf3 Ra8 62. Ra1 Kh2 63. Ra2 1/2-1/2

[Event "Mardi 2023.09.26"]
[Site "Laval CAN"]
[Date "2023.10.17"]
[Round "4.7"]
[White "Deboosere, Adam"]
[Black "Chouchane, Amine"]
[Result "0-1"]
[WhiteElo "2016"]
[BlackElo "1957"]
[PlyCount "68"]
[EventDate "2023.09.26"]
[EventType "swiss"]
[EventRounds "5"]
[EventCountry "CAN"]

1. c4 Nf6 2. d4 e6 3. Nf3 d5 4. g3 Be7 5. Bg2 O-O 6. O-O dxc4 7. Qc2 a6 8. a4
Bd7 9. Na3 b5 10. Ne5 Nd5 11. Rd1 Nc6 12. Nxd7 Qxd7 13. b3 Ncb4 14. Qd2 c3 15.
Qe1 bxa4 16. bxa4 Qxa4 17. e4 c2 18. Rd2 Nc3 19. Qe3 Nb1 20. Re2 Rab8 21. Nxc2
Qxc2 22. Rxc2 Nxc2 23. Qf4 Nxa1 24. Qxc7 Rfc8 25. Qf4 g5 26. Qe3 Nc2 27. Qd3
Rc3 28. Qxa6 Nb4 29. Qf1 Nd3 30. Be3 Na3 31. Qe2 Rb1+ 32. Bf1 Nc4 33. Kg2 Nxe3+
34. Qxe3 Ne1+ 0-1

[Event "Mardi 2023.09.26"]
[Site "Laval CAN"]
[Date "2023.10.17"]
[Round "4.8"]
[White "Jutras, Arnaud"]
[Black "Li, Yi Lin"]
[Result "0-1"]
[WhiteElo "1618"]
[BlackElo "2001"]
[PlyCount "58"]
[EventDate "2023.09.26"]
[EventType "swiss"]
[EventRounds "5"]
[EventCountry "CAN"]

1. c4 Nf6 2. Nf3 e6 3. d4 d5 4. g3 c6 5. Bg2 Bd6 6. Qc2 O-O 7. O-O Ne4 8. Nfd2
f5 9. b3 Qe7 10. Bb2 Bd7 11. Rd1 Be8 12. e3 Nd7 13. f3 Nxd2 14. Nxd2 Bg6 15. e4
f4 16. g4 Qh4 17. Qd3 Nf6 18. h3 h5 19. Qe2 dxe4 20. Nxe4 Nxe4 21. fxe4 f3 22.
Bxf3 Qg3+ 23. Qg2 Rxf3 24. e5 Be7 25. d5 cxd5 26. cxd5 Qxg2+ 27. Kxg2 Be4 28.
d6 Bh4 29. Kg1 Rxh3 0-1

[Event "Mardi 2023.09.26"]
[Site "Laval CAN"]
[Date "2023.10.17"]
[Round "4.11"]
[White "Arseneau, Mathias"]
[Black "Lesage, Philippe"]
[Result "1-0"]
[WhiteElo "1715"]
[BlackElo "1878"]
[PlyCount "57"]
[EventDate "2023.09.26"]
[EventType "swiss"]
[EventRounds "5"]
[EventCountry "CAN"]

1. e4 e6 2. d4 d5 3. Nd2 c5 4. c3 Nf6 5. e5 Nfd7 6. Bd3 Nc6 7. Ngf3 cxd4 8.
cxd4 Be7 9. O-O O-O 10. Re1 f6 11. exf6 Nxf6 12. Nf1 Bb4 13. Bd2 Qb6 14. a3 Bd6
15. Bc3 Bd7 16. Ng3 Rae8 17. Qd2 Qc7 18. Ne5 Bxe5 19. dxe5 Ng4 20. Qg5 Nxf2 21.
Nh5 Bc8 22. Nf6+ Rxf6 23. Bxh7+ Kxh7 24. exf6 Qf7 25. Qh4+ Kg8 26. fxg7 Nh3+
27. Qxh3 Qg6 28. Rf1 Qh7 29. Rf8+ 1-0

[Event "Mardi 2023.09.26"]
[Site "Laval CAN"]
[Date "2023.10.17"]
[Round "4.12"]
[White "Sasportas, Moshe"]
[Black "Deschamps, Martin"]
[Result "0-1"]
[WhiteElo "1625"]
[BlackElo "1780"]
[PlyCount "74"]
[EventDate "2023.09.26"]
[EventType "swiss"]
[EventRounds "5"]
[EventCountry "CAN"]

1. e4 Nf6 2. e5 Nd5 3. d4 d6 4. c4 Nb6 5. f4 dxe5 6. fxe5 Nc6 7. Be3 Bf5 8. Nc3
e6 9. Nf3 Bb4 10. Be2 O-O 11. O-O Bg4 12. Rc1 Be7 13. h3 Bxf3 14. Rxf3 f6 15.
exf6 Bxf6 16. d5 Ne5 17. b3 Nxf3+ 18. Bxf3 Bg5 19. Bxg5 Qxg5 20. Kh1 Rad8 21.
Ne4 Qh6 22. Nf2 Kh8 23. Ng4 Qf4 24. Qe1 exd5 25. cxd5 Rfe8 26. Qg1 h5 27. Nf2
Nxd5 28. Bxh5 Re3 29. Rc4 Qg5 30. Bf3 Rde8 31. Rc1 c6 32. Ng4 R3e6 33. Rd1 Ne3
34. Nxe3 Rxe3 35. Qf2 Qe5 36. g3 Rf8 37. g4 Rexf3 0-1

[Event "Mardi 2023.09.26"]
[Site "Laval CAN"]
[Date "2023.10.24"]
[Round "5.1"]
[White "Berube, Maximilien"]
[Black "Adam, Rafael"]
[Result "0-1"]
[WhiteElo "1915"]
[BlackElo "2178"]
[PlyCount "78"]
[EventDate "2023.09.26"]
[EventType "swiss"]
[EventRounds "5"]
[EventCountry "CAN"]

1. e4 c6 2. Nf3 d5 3. Nc3 Bg4 4. h3 Bxf3 5. Qxf3 e6 6. g3 Nd7 7. d4 Bd6 8. Bg2
Ne7 9. O-O O-O 10. Bf4 Nb6 11. Bxd6 Qxd6 12. Qd3 Rad8 13. e5 Qc7 14. f4 a6 15.
Ne2 c5 16. c3 cxd4 17. Nxd4 Qc4 18. Qe3 Qc5 19. Rf2 Nc4 20. Qd3 Rc8 21. Raf1
Nc6 22. Kh2 Nxd4 23. cxd4 Qb5 24. a4 Qxa4 25. f5 Qb4 26. Qf3 Nd2 27. Qg4 exf5
28. Qxf5 Nxf1+ 29. Rxf1 Qxd4 30. e6 fxe6 31. Qxe6+ Kh8 32. Rf4 Qc5 33. b4 Qc6
34. Qg4 Rxf4 35. Qxf4 Qf6 36. Qg4 Rd8 37. Qe2 d4 38. Be4 d3 39. Bxd3 Qd4 0-1

[Event "Mardi 2023.09.26"]
[Site "Laval CAN"]
[Date "2023.10.24"]
[Round "5.2"]
[White "Peloquin, Charli"]
[Black "Madanchi, Ata"]
[Result "0-1"]
[WhiteElo "1870"]
[BlackElo "1842"]
[PlyCount "54"]
[EventDate "2023.09.26"]
[EventType "swiss"]
[EventRounds "5"]
[EventCountry "CAN"]

1. e4 e5 2. Nf3 Nc6 3. Bb5 a6 4. Ba4 Nf6 5. O-O b5 6. Bb3 Bc5 7. c3 d6 8. h3 h6
9. d4 Bb6 10. a4 Bb7 11. Re1 O-O 12. Be3 exd4 13. cxd4 Na5 14. Bc2 Nc4 15. Bc1
Re8 16. b3 Na5 17. e5 Bxf3 18. gxf3 dxe5 19. dxe5 Nd5 20. Qd3 Qh4 21. Rf1 Qg3+
22. Kh1 Qxh3+ 23. Kg1 Rxe5 24. Qh7+ Kf8 25. Qh8+ Ke7 26. Qxg7 Bxf2+ 27. Kxf2
Qh2+ 0-1

[Event "Mardi 2023.09.26"]
[Site "Laval CAN"]
[Date "2023.10.24"]
[Round "5.3"]
[White "Guillemette, Thomas"]
[Black "Chouchane, Amine"]
[Result "0-1"]
[WhiteElo "1807"]
[BlackElo "1957"]
[PlyCount "90"]
[EventDate "2023.09.26"]
[EventType "swiss"]
[EventRounds "5"]
[EventCountry "CAN"]

1. e4 e6 2. d4 d5 3. e5 c5 4. c3 Nc6 5. Nf3 Nh6 6. Bd3 cxd4 7. O-O f6 8. exf6
Qxf6 9. Bg5 Qf7 10. cxd4 Bd6 11. Nc3 O-O 12. Nh4 Nxd4 13. Bxh7+ Kxh7 14. Qxd4
Qh5 15. f4 Bd7 16. Rf3 Nf7 17. g4 Qxg4+ 18. Rg3 Qh5 19. Qd3+ g6 20. Nf5 Bc5+
21. Kg2 Nxg5 22. Rxg5 Qxg5+ 23. fxg5 Rxf5 24. Qh3+ Kg8 25. Qh6 Be8 26. Rf1 Bf8
27. Qh4 Rxf1 28. Kxf1 Bg7 29. Qb4 Bc6 30. Nb5 a6 31. Nd4 Rf8+ 32. Ke2 Rf4 33.
Qd6 Re4+ 34. Kf3 Bxd4 35. Qd8+ Kh7 36. Qc7+ Bg7 37. Qg3 d4 38. Kf2 Re5 39. b3
Rf5+ 40. Ke2 e5 41. h4 Rf4 42. Kd2 Bf3 43. Qh3 e4 44. Qh2 e3+ 45. Ke1 d3 0-1

[Event "Mardi 2023.09.26"]
[Site "Laval CAN"]
[Date "2023.10.24"]
[Round "5.5"]
[White "Mangahas, Ronald"]
[Black "Avarian, Aram Sevag"]
[Result "0-1"]
[WhiteElo "1873"]
[BlackElo "1978"]
[PlyCount "150"]
[EventDate "2023.09.26"]
[EventType "swiss"]
[EventRounds "5"]
[EventCountry "CAN"]

1. e4 c5 2. Nf3 Nc6 3. d4 cxd4 4. Nxd4 g6 5. Nc3 Bg7 6. Nb3 Nf6 7. Be2 O-O 8.
O-O d6 9. f4 a5 10. a4 Be6 11. Be3 Bxb3 12. cxb3 Nd7 13. Rc1 Nb4 14. Kh1 Rc8
15. Bd4 Bxd4 16. Qxd4 Qb6 17. Qd2 Nc5 18. Bc4 e6 19. Rf3 Nc6 20. Rh3 Kg7 21. f5
h5 22. Rxh5 Rh8 23. f6+ Kxf6 24. Qf4+ Kg7 25. Rxh8 Rxh8 26. Rf1 Ne5 27. Nb5 Qd8
28. Rd1 Qh4 29. Qxh4 Rxh4 30. Nxd6 Nxe4 31. Nxe4 Rxe4 32. Bb5 Re3 33. h3 Rxb3
34. Rd6 Rxb2 35. Rb6 Nc4 36. Rxb7 Nd6 37. Rb6 Nxb5 38. axb5 Kf6 39. Rb8 Ke5 40.
b6 Kd6 41. Ra8 Rxb6 42. Rxa5 Rb2 43. Kh2 Rf2 44. Kg3 Rf5 45. Ra3 e5 46. h4 Rf4
47. Kh3 Ke6 48. g3 Rd4 49. Kg2 e4 50. Kf2 Kf5 51. Ra5+ Kg4 52. Rg5+ Kh3 53. h5
gxh5 54. Rxh5+ Kg4 55. Rh4+ Kg5 56. Ke3 Rd3+ 57. Kxe4 Rxg3 58. Rh8 f5+ 59. Ke5
Re3+ 60. Kd4 f4 61. Rg8+ Kh4 62. Rg7 Kh3 63. Rg8 Kh2 64. Rg7 Rg3 65. Rf7 f3 66.
Ke3 Kg2 67. Rf6 Rh3 68. Rg6+ Kf1 69. Rf6 f2+ 70. Kd2 Rh5 71. Kd1 Rd5+ 72. Kc2
Ke2 73. Re6+ Kf3 74. Rf6+ Ke3 75. Rf8 Rd4 0-1